000 00380 a2200169 4500
001 72699
020 _a8500527714
040 _cAnchieta - Colégio São Paulo
100 _aSaldanha, Paula
240 1 0 _aTerra do descobrimento
_lpor
245 1 0 _aTerra do descobrimento
300 _a39
362 0 _a1994
440 1 _aEdiouro
650 4 _aLiteratura juvenil
942 _cBK
999 _c72699
_d72699